| 000 | 00498nam a2200181Ia 4500 | ||
|---|---|---|---|
| 008 | 140626s9999 xx 000 0 und d | ||
| 100 | _aAmir, N. | ||
| 245 |
_aWorking memory capacity in generalized social phobia / _cN. Amir ... [et al.]. |
||
| 260 | _cc2011. | ||
| 300 | _a120 : 2, page 504 | ||
| 440 | _aJournal of Abnormal Psychology | ||
| 521 | _aPSYCH | ||
| 650 | _aAnxiety. | ||
| 650 | _aExecutive control. | ||
| 650 | _aSocial anxiety. | ||
| 650 | _aWorking memory. | ||
| 942 | _cSE | ||
| 999 |
_c121302 _d121302 |
||